|
|
|
|
| LEADER |
04298nam a22004573i 4500 |
| 001 |
EBC6695124 |
| 003 |
MiAaPQ |
| 005 |
20231204023217.0 |
| 006 |
m o d | |
| 007 |
cr cnu|||||||| |
| 008 |
231204s2017 xx o ||||0 ger d |
| 020 |
|
|
|a 9783839430538
|q (electronic bk.)
|
| 020 |
|
|
|z 9783837630534
|
| 035 |
|
|
|a (MiAaPQ)EBC6695124
|
| 035 |
|
|
|a (Au-PeEL)EBL6695124
|
| 035 |
|
|
|a (OCoLC)979971443
|
| 040 |
|
|
|a MiAaPQ
|b eng
|e rda
|e pn
|c MiAaPQ
|d MiAaPQ
|
| 100 |
1 |
|
|a Kampmann, Elisabeth.
|
| 245 |
1 |
0 |
|a Teaching Media :
|b Medientheorie für die Schulpraxis - Grundlagen, Beispiele, Perspektiven.
|
| 250 |
|
|
|a 1st ed.
|
| 264 |
|
1 |
|a Bielefeld :
|b transcript,
|c 2017.
|
| 264 |
|
4 |
|c {copy}2017.
|
| 300 |
|
|
|a 1 online resource (305 pages)
|
| 336 |
|
|
|a text
|b txt
|2 rdacontent
|
| 337 |
|
|
|a computer
|b c
|2 rdamedia
|
| 338 |
|
|
|a online resource
|b cr
|2 rdacarrier
|
| 490 |
1 |
|
|a Pädagogik
|
| 505 |
0 |
|
|a Cover -- Inhalt -- 1. Vorwort -- 2. Etwas mit Medien? -- Ansatz, Ziel und Aufbau des vorliegenden Buches -- 3. Schnittstelle Medien - Bildung -- Schlagwort Medienkompetenz -- Medien der Schule, Schule der Medien: Forderungen an eine Institution -- Medien Pädagogik: Medienpädagogik - Ein Perspektivwechsel -- 4. Mediengeschichte schreiben - aber wie? -- Zum Begriff der Geschichte: ein kurzer Exkurs -- Modelle der Medienhistoriographie und Medienanalyse -- 5. Eine Geschichte der Medien und Mediendiskurse: von den Anfängen bis zur Gegenwart -- Wo anfangen? -- Sprache: Redekunst und Schriftkritik (Antike) -- Buchdruck und Zentralperspektive: Vermessungen der Welt (15. und 16. Jahrhundert) -- Mediendynamik der Sprache/Schrift: Empfindsamkeit, ›Lesewut‹ und Hermeneutik (Goethezeit) -- Pencil of Nature - »Visualisierungsschub« und (Selbst-)Aufzeichnung der Realität (19. Jahrhundert und Anfänge des 20. Jahrhunderts) -- 1. Fotografie -- 2. Film -- 3. Phonograph/Grammophon -- »Globales Dorf« - Übertragungen, Massenmedien (20. Jahrhundert) -- 1. Funk -- 2. Hörfunk -- 3. Fernsehen -- Digitale Plattform‹ - vom Computer zum Social Web (20. und 21. Jahrhundert) -- Ein kurzer Schluss -- 6. Allgemeine Medientheorien -- Das Medium ist die Botschaft - Marshall McLuhan: Die magischen Kanäle. Understanding Media (1964) -- Medienkritik als Kulturkritik - Max Horkheimer/Theodor W. Adorno: Kulturindustrie. Aufklärung als Massenbetrug (1947) -- Mediennutzung als Emanzipation der Nutzer - Hans Magnus Enzensberger: Baukasten zu einer Theorie der Medien (1970) -- Medienarchäologie -Friedrich A. Kittler: Grammophon Film Typewriter (1986) -- 7. Theorien einzelner Medien -- Das Medium Schrift -Platon: Phaidros (um 370 oder 360er Jahre v. Chr.) -- Das Medium Sprache - Johann Gottfried Herder: Über den Ursprung der Sprache (1772).
|
| 505 |
8 |
|
|a Mediendifferenz Bild und Text - Gotthold Ephraim Lessing: Laokoon - oder Über die Grenzen der Mahlerey und Poesie (1766) -- Das Medium Fotografie - Roland Barthes: Die helle Kammer. Bemerkungen zur Photographie (1980) -- Das Medium Film - Franz Pfemfert: Kino als Erzieher (1911) -- Das Medium Radio - Bertolt Brecht: Radiotheorie (1927-1932) -- Das Medium Bild - Max Imdahl: Is It a Flag or Is It a Painting? Über mögliche Konsequenzen der konkreten Kunst (1969) -- Computer als Medium. Die Sprache der Neuen Medien - Lev Manovich: The Language of New Media (2001) -- 8. Perspektiven der Medienwissenschaft -- Medienwissenschaft und Gender -- Kulturwissenschaftliche Perspektiven -- Medienanthropologie -- Literatur -- Abbildungen -- Personenregister.
|
| 588 |
|
|
|a Description based on publisher supplied metadata and other sources.
|
| 590 |
|
|
|a Electronic reproduction. Ann Arbor, Michigan : ProQuest Ebook Central, 2023. Available via World Wide Web. Access may be limited to ProQuest Ebook Central affiliated libraries.
|
| 655 |
|
4 |
|a Electronic books.
|
| 700 |
1 |
|
|a Schwering, Gregor.
|
| 700 |
1 |
|
|a Leskau, Linda.
|
| 700 |
1 |
|
|a Lohse, Kathrin.
|
| 700 |
1 |
|
|a Malmsheimer, Arne.
|
| 700 |
1 |
|
|a Schröter, Jens.
|
| 776 |
0 |
8 |
|i Print version:
|a Kampmann, Elisabeth
|t Teaching Media
|d Bielefeld : transcript,c2017
|z 9783837630534
|
| 797 |
2 |
|
|a ProQuest (Firm)
|
| 830 |
|
0 |
|a Pädagogik
|
| 856 |
4 |
0 |
|u https://ebookcentral.proquest.com/lib/matrademy/detail.action?docID=6695124
|z Click to View
|